|
|
|
|
| LEADER |
00000nam a2200000 a 4500 |
| 001 |
vtls008344461 |
| 003 |
SK-MaSNL |
| 005 |
20260302093324.0 |
| 008 |
180813s1961 xo slo |
| 015 |
|
|
|a SNBA1961/06-01201
|
| 035 |
|
|
|a SK01SNK19610036678
|
| 035 |
|
|
|a urn:nbn:sk:snk-amlmh9
|
| 035 |
|
|
|a urn:nbn:sk:snk-am00bxs3
|
| 035 |
|
|
|a 9249822C-72F4-4AD3-B4AD-3BBFAE754EA9
|
| 035 |
|
|
|a SKM000039141
|
| 040 |
|
|
|a SNK
|b slo
|c SNK
|e AACR2
|
| 041 |
0 |
|
|a slo
|
| 044 |
|
|
|a xo
|c SK
|
| 080 |
|
|
|a 331.15:655.4(437.6-25)
|2 1981
|
| 080 |
|
|
|a 655.4(437.6-25)
|2 1981
|
| 245 |
0 |
0 |
|a Kolektívna zmluva na rok 1961
|b prvý rok 3. päťročnice
|
| 260 |
|
|
|a Bratislava
|b Pravda
|c [1961]
|
| 300 |
|
|
|a 28 s.
|c 8°
|
| 610 |
2 |
7 |
|a Vydavateľstvo Pravda (Bratislava, Slovensko)
|2 SNKKA
|9 57484
|
| 655 |
|
7 |
|a kolektívne zmluvy
|2 SNKPH
|9 63378
|
| 954 |
|
|
|a odborná, vedecká literatúra pôvodná (slovenská)
|2 lita
|
| 958 |
|
|
|a OND
|
| 958 |
|
|
|a EUIPO
|
| 958 |
|
|
|a RK
|
| 958 |
|
|
|a BQ
|
| 999 |
|
|
|c 1208366
|d 1210296
|
| 952 |
|
|
|a SNK
|b SNK
|y PREZ
|7 0
|p 17A0698130
|o snkSD 20057
|i snkKSP 3018/61
|0 0
|1 0
|4 0
|d 2011-06-07
|f 1
|l 0
|r 2025-12-03 00:00:00
|w 2026-02-24
|